Brasileiros Famosos por Foto #2 - Statistics

Estatísticas Gerais
  • Esse quiz foi jogado 161 vezes
  • A pontuação média é 8 de 20
Estatísticas das Respostas
Imagem Hint Resposta % Correto
Jogador de Futebol Ronaldinho Gaúcho
98%
Apresentadora de TV Xuxa
93%
Presidente Dilma Rousseff
84%
Escritor Machado de Assis
76%
Ator Wagner Moura
74%
Deputada Marielle Franco
61%
Cantora Carmen Miranda
60%
Supermodelo Adriana Lima
50%
Líder Religioso Chico Xavier
50%
Diretor de Cinema Walter Salles
44%
Poeta Vinícius de Moraes
27%
Seringueiro Chico Mendes
19%
Grão-mestre em Jiu-Jitsu Hélio Gracie
17%
Skatista Bob Burnquist
15%
Bilionário Eduardo Saverin
15%
Compositora Chiquinha Gonzaga
13%
Surfista de Ondas Gigantes Maya Gabeira
8%
Estilista Alexandre Herchcovitch
4%
Coreógrafa Deborah Colker
4%
Criminoso Condenado George Santos
3%
Nenhum quiz correspondente encontrado
Distribuição das Pontuações
Porcentagem de Pessoas com Cada Pontuação
Percentil de Números Respondidos
Sua Pontuação Histórica
Você não jogou esse quiz